000 00769nam a22002177a 4500
003 DO-SdBNP
005 20231123082241.0
008 161031b1976 pr a 00| 0 spa d
020 _a0847708114
040 _aBPMSU
_bspa
_cBPMSU
082 _a972.95
_bF363c 1976
_222
100 1 _aFernández Méndez, Eugenio.
245 0 0 _aCronicas de Puerto Rico :
_bdesde la conquista hasta nuestros días (1493-1955) /
_cselección, introd. y notas por Eugenio Fernández Méndez.
250 _a
260 _aPuerto Rico :
_bEditorial U.P.R. ;
_bUniversidad de Puerto Rico,
_c1976
300 _a694 p. :
_bil.
_c23 cm.
590 _aInventariado, 2023/VM
651 4 _aPuerto Rico
_xHistoria
_vFuentes.
910 _aYLOCKWARD/ VMateo V. Control de calidad. BPMSU
942 _2ddc
_cBK
999 _c12992
_d12992